Dark net: (Record no. 181914)

000 -LEADER
fixed length control field 00421nam a22001697a 4500
020 ## - INTERNATIONAL STANDARD BOOK NUMBER
ISBN 9789354321856
082 ## - DEWEY DECIMAL CLASSIFICATION NUMBER
Classification number M3
Item number ADA/D
100 ## - MAIN ENTRY--AUTHOR NAME
Personal name Adarsh S
245 ## - TITLE STATEMENT
Title Dark net:
Sub Title the digital underworld/
Statement of responsibility, etc Adarsh S
260 ## - PUBLICATION, DISTRIBUTION, ETC. (IMPRINT)
Place of publication Kottayam:
Name of publisher D C Books,
Year of publication 2021.
300 ## - PHYSICAL DESCRIPTION
Number of Pages 343p.
650 ## - SUBJECT ADDED ENTRY--TOPICAL TERM
Topical Term Novel Malayalam
650 ## - SUBJECT ADDED ENTRY--TOPICAL TERM
Topical Term Crime Novel Malayalam
650 ## - SUBJECT ADDED ENTRY--TOPICAL TERM
Topical Term Literature Malayalam
650 ## - SUBJECT ADDED ENTRY--TOPICAL TERM
Topical Term Literature
942 ## - ADDED ENTRY ELEMENTS (KOHA)
Koha item type Book
Holdings
Withdrawn status Lost status Damaged status Not for loan Permanent Location Current Location Shelving location Date acquired Cost, normal purchase price Full call number Accession Number Price effective from Koha item type
        Sree Sankaracharya University of Sanskrit Sree Sankaracharya University of Sanskrit Stacks 01.06.2026 399.00 M3 ADA/D 109092 01.06.2026 Book